00940nam a2200277 i 450000100060000000300090000600500170001500700030003200800410003502000180007608000150009410000380010924501170014724600230026426000340028730000220032149000320034350400300037570000290040570000240043483000390045885200200049794200080051799900170052595201200054299372ES-MaACL20240409175302.0t|050907s1981 sp ||||1| spa d a84-376-0272-6 a860-24"19"1 aMartín Recuerda, José.97762313aEl engañao ; bCaballos desbocaos / cJosé Martín Recuerda ; edición de Martha T. Halsey y Ángel Cobo.3 aCaballos desbocaos aMadrid : bCátedra, c1981. a293 p. ; c18 cm.1 aLetras hispánicas ; v143 aBibliografía: p. 65-73.1 aHalsey, Martha T.9616291 aCobo, Angel.93934410aLetras hispánicas ;v1439235703 aES-MaACLjL-629 2udc c99372d99372 00104070aATENEOMbATENEOMcDEPO2d2008-01-17eSCl0oL-629p1103764r2023-02-23 00:00:00w2023-02-23yMONOGRAFIA